Quizzes
Events
Quiz Creation
Community
Videos
Private Events
Remove Ads
Sign In
Join for FREE
Feedback
Dark Mode
Quiz Categories
Sports
Geography
Music
Movies
Television
Just For Fun
Miscellaneous
History
Literature
Language
Science
Gaming
Entertainment
Religion
Holiday
For Kids
Quiz Lab
Recent
Popular Today
Quiz Kudos Today
Editor Picks
Curator Picks
Quizzes by...
Day
Popularity
Type
Ratings
Length
Year
Community
Subscriptions
Recent Discussions
Orange Saloon
Badges
Playlists
Quests
Create
Leaderboards
Showdown
Live 5
Trivia Bingo
Activity
Puzzle Library
Sporcle Events
Private Events
Virtual Trivia
Globe League
Become a Host
Pub Owners
SporcleCon
Opinionation
Our Games
Videos
Blog
Mobile Apps
Partnerships
Remove Ads and Go Orange
Feedback
Television
TV Characters
TV Show
Sitcom
Network
Friends
Reality Shows
Cast
South Park
Star Trek
The Simpsons
Doctor Who
Television
TV Characters
TV Show
Sitcom
Network
Friends
Reality Shows
Cast
South Park
Star Trek
The Simpsons
Doctor Who
Random Quiz
Search Sporcle
×
Quiz Lab
Quiz Lab
Television
Show
Type in answers that appear in a list
Type in answers that appear in a list
Classic
Best Score? Go Orange.
TV Show by Dog Stats
Can you name the TV Show by Dog?
By
ThumbsUpGuy
4m
20 Questions
539 Plays
539 Plays
539 Plays
Comments
Comments
Give Quiz Kudos
Give Quiz Kudos
-
- Ratings
hide this ad
More Info
Replay
Link that replays current quiz
Next Quiz
Link to next quiz in quiz playlist
You Got
0%
They Got
Avg Score
29%
Avg Friend Score
Upgrade to see
Score Distribution
Jump to the score distribution portion of the page
Score
0/20
Timer
04:00
0
Plays Today
Dog
Show
% Correct
Santa's Little Helper
The Simpsons
81.6%
Brian
Family Guy
75.5%
Comet
Full House
70.3%
Astro
The Jetsons
65.9%
Eddie
Frasier
65.7%
Happy
7th Heaven
28.8%
Murray
Mad About You
28.8%
Vincent
Lost
27.6%
Buck
Married With Children
26.2%
Rowdy
Scrubs
26%
Dog
Show
% Correct
Paul Anka
Gilmore Girls
21.7%
Brain
Inspector Gadget
16.1%
Dreyfus
Empty Nest
15.2%
Mr. Muggles
Heroes
12.2%
Chester
The Nanny
9.5%
Backup
Veronica Mars
8.7%
Stinky & Nunzio
Dharma & Greg
6.5%
Queequeg
The X-Files
5%
Quincy
Coach
2.6%
Buster
The Wonder Years
1.7%
Quiz Playlist
Details
Report
Send in Message
Add To Playlist
More Info:
Guess the TV show based on the dog's name and breed.
Classic:
Type in answers that appear in a list
Last Updated: Feb 16, 2017
Quiz Scoreboard
CHALLENGE
Sign Up to Join the Scoreboard
Show All
Scores
Hide
Comments
May contain spoilers
Recently Published
Decade Duel: World Leaders
by jenniferyan
History
4m
Alphabetical 'K' Countries by Flag Minefield
by ylime102
Geography
3m
Pick 6: Fruits
by JohnFran
Miscellaneous
15s
More to Explore
Quiz From the Vault
Featured Blog Post
15 Basketball Trivia Facts You Can Be March Mad About
hide this ad
You Might Also Like...
Tags
Show Quiz
Breed
dog
Today's Top Quizzes in Television
Browse Television
hide this ad
Today's Top Quizzes in Show
Browse Show
Top Contributed Quizzes in Television
1
Hidden Simpsons Character
2
First Name TV: Leading Men
3
Hidden Simpsons Character XXIV
4
First Name TV: Leading Women Drama
5
Hidden Simpsons Character II
6
Hidden Simpsons Character III
7
Pick A Pair: Religious TV
8
Hidden Simpsons Character XXV
9
Hidden Simpsons Character XXVI
10
The Vampire Diaries Logic Puzzle
Explore More
Trending Topics
Disney
Harry Potter
Anime
Kpop
Marvel
NBA
Crossword
Song
Country
Soccer
NFL
WWE
Puzzle
Pokémon
The Office
hide this ad
More By:
ThumbsUpGuy
Quiz
Plays
Rating
Category
Featured
Created
Home for the Holidays Logic Puzzle
197,306
4.19
Holiday
Dec 10, 2012
World Cities Match-Up
152,925
4.48
Geography
Jul 8, 2014
Movies Minus the First Letter
85,810
3.89
Movies
Jul 24, 2010
Movie Rental Logic Puzzle
4,490
3.28
Movies
Mar 5, 2015
_ _ N Words
1,929
3.65
Language
Feb 25, 2015
Go to Creator's Profile
Score Distribution
Quiz Creator Spotlight
ThumbsUpGuy
Follow
Send a Message
Quizzes Created
-
Created Quiz Play Count
-
More By This Creator
Popular Quizzes Today
1
Countries of Asia Without Outlines Minefield
2
Find the US States - No Outlines Minefield
3
Pick 6: Fruits
4
Alphabetical 'K' Countries by Flag Minefield
5
The Countries of the World
6
Find the Countries of Europe - No Outlines Minefield
7
Find the US States
8
US States
More Television Quizzes
Click an 'H' TV Show
Published
Trending Quizzes
Pick 6: Mountains
Pick 6: Harry Potter
Pick 6: Flags
Pick 6: NFL Teams
Pick 6: Movie Franchises
Recently Updated
Adaptations: Name the Title
pecheneg
NWSL Teams
pecheneg
Women's Final Four Teams by Year
bhenderson79
Presidents Quartet II
eogle
Anything But Clue(do)
eogle
Anything But Oceanian Capitals
eogle
Anything But 7
eogle
Anything But Thing
eogle
Word Ladder: February 29
pecheneg
Song Title Questions
pecheneg
Trending Topics
Kpop
NBA
Disney
Crossword
Marvel
Harry Potter
Anime
Song
Country
The Office
WWE
Puzzle
NFL
Soccer
Pokémon
Your Account Isn't Verified!
In order to create a playlist on Sporcle, you need to verify the email address you used during registration. Go to your
Sporcle Settings
to finish the process.
Report this User
Report this user for behavior that violates our
Community Guidelines
.
Details:
Send Report
Go to the Sporcle.com Mobile Site →
Comments